| 000 | 00356nam a2200121 4500 | ||
|---|---|---|---|
| 245 |
_aDoctor Thorne _cAnthony Trollope;Introduction by Kathleen Tillotson |
||
| 100 | _aTrollope,Anthony | ||
| 710 | _aTillotson,Kathleen | ||
| 260 |
_aLondon _bDent _c1908[reprinted 1967] |
||
| 300 | _axii, 506p.; 18cm | ||
| 490 | _aEveryman's library,360 | ||
| 082 |
_a823.7 _bTRO/TIL |
||
| 999 |
_c624 _d624 |
||